000 00286nam a2200121Ia 4500
008 190216s9999||||xx |||||||||||||| ||und||
100 _aEvoor Parameswaran
245 0 _aKamalasulochana
260 _bPublished By The Author
_c1970
300 _a74p
650 _aKavithkal
942 _cBK
999 _c24929
_d24929